Click to Translate - Turkish (fruits & vegetables) - Statistics

General Stats
  • This quiz has been taken 38 times
  • The average score is 23 of 30
Answer Stats
Hint Answer % Correct
lemon limon
100%
pineapple ananas
97%
tomato domates
93%
apple elma
90%
potato patates
90%
orange portakal
86%
strawberry çilek
83%
watermelon karpuz
83%
cucumber salatalık; hıyar
83%
beans fasulye
79%
corn mısır
79%
pomegranate nar
79%
pepper biber
76%
carrot havuç
76%
spinach ıspanak
76%
melon kavun
76%
eggplant patlıcan
76%
onion soğan
76%
grapefruit greyfurt
72%
garlic sarımsak
72%
sour cherry vişne
72%
fig incir
69%
grapes üzüm
69%
zucchini kabak
66%
cabbage lahana
66%
banana muz
66%
pear armut
62%
cherry kiraz
62%
lettuce marul
62%
apricot kayısı
52%
No matching quizzes found
Score Distribution
Percent of People with Each Score
Percentile by Number Answered
Your Score History
You have not taken this quiz